Deterioration of cement-based building materials (Record no. 104858)

MARC details
000 -LEADER
fixed length control field 01060cam a2200217 4500
001 - CONTROL NUMBER
control field ##L131830
008 - FIXED-LENGTH DATA ELEMENTS--GENERAL INFORMATION
fixed length control field 051212n2003 000 0 eng u
020 ## - INTERNATIONAL STANDARD BOOK NUMBER
International Standard Book Number 1860816193
035 ## - SYSTEM CONTROL NUMBER
System control number (Sirsi) u131830
041 0# - LANGUAGE CODE
Language code of text/sound track or separate title eng
050 04 - LIBRARY OF CONGRESS CALL NUMBER
Classification number 693.5 $2 18
100 1# - MAIN ENTRY--PERSONAL NAME
Personal name Dunster, Andrew M.
245 00 - TITLE STATEMENT
Title Deterioration of cement-based building materials
Remainder of title lessons learnt
260 ## - PUBLICATION, DISTRIBUTION, ETC.
Place of publication, distribution, etc. London
Name of publisher, distributor, etc. BRE
Date of publication, distribution, etc. 2003
300 ## - PHYSICAL DESCRIPTION
Extent 6p
Other physical details ill
Dimensions 30cm
490 #0 - SERIES STATEMENT
Series statement BRE Information Paper
Volume/sequential designation IP 4/03
520 ## - SUMMARY, ETC.
Summary, etc. This information paper provides a brief overview of the lessons learnt from case studies into the deterioration of cement-based building materials and components. A common feature of many of the studies was the build-up of moisture, which was involved in a wide range of damaging reactions, which included sulfate reactions, steel-slag expansive reactions, and acid attack on concrete.
690 ## - LOCAL SUBJECT ADDED ENTRY--TOPICAL TERM (OCLC, RLIN)
Topical term or geographic name as entry element BUILT ENVIRONMENT-BUILDING MATERIALS-CEMENTITIOUS, CONCRETE AND MINERAL BOUND MATERIALS-CEMENTITIOUS MATERIALS AND BINDERS
700 1# - ADDED ENTRY--PERSONAL NAME
Personal name Crammond, Norah J.
942 ## - ADDED ENTRY ELEMENTS (KOHA)
Suppress in OPAC 0
Holdings
Withdrawn status Lost status Source of classification or shelving scheme Damaged status Not for loan Home library Current library Shelving location Date acquired Total Checkouts Full call number Barcode Date last seen Copy number Price effective from Koha item type
    Dewey Decimal Classification     London London BRE publications 12/12/2005   ENQUIRY DESK 30061291 06/08/2019 1 06/08/2019 Book